000 00538nam a22001697a 4500
005 20251108172825.0
008 250721s1986 xx 000 0 ara d
082 1 4 _a345.02/جبو
100 1 _aالجبور، محمد عودة
245 1 0 _aالإختصاص القضائي لمأمور الضبط - دراسة مقارنة /
264 _bالدار العربية للموسوعات،
_c1986.
300 _a590 ص
650 1 7 _aالقانون الجنائي
650 1 7 _aالمحاكمات
942 _2ddc
_cBK
999 _c89379
_d89379